000 00511nam a22001817a 4500
999 _c6008
_d6008
003 AR-CdUCM
008 190313b ||||| |||| 00| 0 spa d
040 _aMUNICIPALIDAD PROVINCIAL DEL CUSCO
_cBIBLIOTECA MUNICIPAL DEL CUSCO
082 _a869.56 /
_bB35
100 _aBelevan, Enriqueta
_914358
245 _aPoemas de la bella pájara hornera /
260 _aLima :
_bAlfa,
_c1984.
300 _a88 páginas ;
_c21 cm.
505 _aPoemas.
650 _aPoemas.
_9929
942 _2ddc
_cLIBROS
945 _awfj